00314nam a2200121Ia 4500008004100000041000800041082001200049100001500061245004500076260003200121300003100153365000800184240624s9999 xx 000 0 und d aeng a658 GAT aGATES BILL aBUSINESS THE SPEED OF THOUGHT SUCCEEDING c2000aLondonbPenguin Books axxv. : 527 : p. : cm. ; 20 cERU